Mysli globálně, jednej lokálně

Kríza vo svete, dlhodobá transformácia a prechod od globalizácie k re-lokalizácii. Rastúca nezamestnanosť ako kľúčový problém vyspelých ekonomík. Prečo je nezamestnanosť manifestáciou hospodárskej transformácie. Rozpočtové škrty a obmedzovanie štátnej zamestnanosti. Globalizácia ako koncepcia a loka...

Description complète

Enregistré dans:
Détails bibliographiques
Auteur principal: Zelený, Milan
Format: Chapitre de livre
Langue:tchèque
Sujets:
Tags: Ajouter un tag
Pas de tags, Soyez le premier à ajouter un tag!

MARC

LEADER 00000naa a2200000 4500
001 0143749
005 20231129102712.6
041 0 |a cze 
044 |a CZ 
245 1 0 |a Mysli globálně, jednej lokálně  |c Milan Zelený 
520 |a Kríza vo svete, dlhodobá transformácia a prechod od globalizácie k re-lokalizácii. Rastúca nezamestnanosť ako kľúčový problém vyspelých ekonomík. Prečo je nezamestnanosť manifestáciou hospodárskej transformácie. Rozpočtové škrty a obmedzovanie štátnej zamestnanosti. Globalizácia ako koncepcia a lokalizácia ako realizácia. Re-lokalizácia. 
610 2 0 |a kríza hospodárska 
610 2 0 |a globalizácia hospodárstva 
610 2 0 |a transformácia 
610 2 0 |a lokalizácia 
610 2 0 |a nezamestnanosť 
610 2 0 |a manažment 
610 2 0 |a riadenie 
610 2 0 |a trh 
610 2 0 |a hospodárstvo svetové 
100 1 |a Zelený, Milan